| 000 | 00587cam a2200217ua 4500 | ||
|---|---|---|---|
| 020 |
_a0-07-45149-7 _c157.00 |
||
| 041 |
_aeng _h |
||
| 082 |
_a621.381531 _bBOS/PR |
||
| 100 | _aBosshart, Walter C . | ||
| 245 |
_aPrinted circuits boards: Design and technology / _cWalter C Bosshart. _hTextual Documents |
||
| 250 |
_a16 / _b. |
||
| 260 |
_aNew Delhi : _bTata Mc-Graw Hill Publishing Company , _c1995. |
||
| 300 | _a467 ; . | ||
| 365 | _a157.00 | ||
| 500 | _a*CSS | ||
| 504 | _a | ||
| 942 | _cBK | ||
| 999 |
_c10361 _d10361 |
||